[Event "Corus"]
[Site "Wijk aan Zee"]
[Date "2010.01.23"]
[Round "7"]
[White "Carlsen, Magnus"]
[Black "Ivanchuk, Vassily"]
[Result "1-0"]
[WhiteElo "2810"]
[BlackElo "2749"]
[Annotator "ChessBase"]
[PlyCount "69"]
[EventDate "2010.01.16"]
[EventType "tourn"]
[EventRounds "13"]
[EventCountry "NED"]
[EventCategory "19"]
[SourceTitle "CBM 135"]
[Source "ChessBase"]
[SourceDate "2010.03.17"]
[SourceVersion "1"]
[SourceVersionDate "2010.03.17"]
[SourceQuality "1"]

{As was true of another young player yesterday, Carlsen opted to take a rest against his opponent - World Champion Anand. Reinvigorated today, the Norwegian brought his A-game to the A section, in a demolition worthy of the world's top-ranked, A-grade player.} 1. d4 d5 2. c4 c6 3. Nc3 Nf6 4. e3 a6 5. Qc2 g6 6. Bd3 ({RR} 6. Nf3 Bg7 7. Bd2 O-O 8. Rc1 dxc4 9. Bxc4 Nbd7 10. O-O c5 11. Be2 b6 12. Rfd1 Bb7 13. Be1 cxd4 14. Nxd4 e6 15. Bf3 Bxf3 16. Nxf3 Qb8 17. Ne4 Rc8 18. Qxc8+ Qxc8 19. Rxc8+ Rxc8 20. Nxf6+ Nxf6 {Aleksandrov,A (2659)-Rublevsky,S (2649) chessassistantclub.com INT 2004 0-1 (40)}) 6... Be6 $146 {leaving well-tested lines early.} ({RR} 6... Bg7 7. b3 O-O 8. Nf3 Bg4 9. Ne5 Be6 10. O-O ({RR} 10. f4 c5 11. dxc5 dxc4 12. Bxc4 Bxc4 13. Nxc4 Nbd7 14. c6 bxc6 15. O-O Nd5 16. Bb2 Qc7 17. Rac1 Qa7 18. Nxd5 cxd5 19. Bxg7 Kxg7 20. Qc3+ Nf6 21. Nd2 Rac8 22. Qd3 Qb7 23. Rfe1 Rc6 24. Rxc6 Qxc6) 10... Nbd7 11. Nxd7 Qxd7 12. Bb2 b5 13. Ne2 Rab8 14. Rab1 Rfc8 15. Nf4 Bf5 16. Bxf5 Qxf5 17. Qxf5 gxf5 18. Ba3 b4 19. Bb2 e6 20. Rbc1 Ne4 21. f3 {Agibileg,U (2448)-Andreikin,D (2710) chess.com INT 2025 0-1 (42)}) 7. b3 $146 ({RR} 7. c5 Bg7 8. Nge2 O-O 9. Bd2 Bc8 10. Na4 Nbd7 11. f4 Ne8 12. h3 f5 13. g4 e6 14. g5 h5 15. gxh6 Qh4+ 16. Kf1 Qxh6 17. Kg2 Nef6 18. Rag1 Ne4 19. Bxe4 fxe4 20. h4 Nf6 21. Nb6 Rb8 {Lipinsky,M (2042)-Pitschka,C (2193) Bayern 2015 1-0 (55)}) 7... Bg7 8. Nge2 c5 9. cxd5 Nxd5 10. Nxd5 Bxd5 11. e4 Be6 12. Qxc5 Nc6 13. Be3 Rc8 14. Qa3 O-O 15. Rd1 Nxd4 (15... a5 {with the idea of providing an outpost for the knight, facilitating an exchange for White's light-squared bishop, may have been better.}) 16. Bxd4 Bxd4 17. Bb1 Bc5 18. b4 Qxd1+ {with this move, things go from bad to worse.} (18... Bxf2+ {was to be much preferred.}) 19. Kxd1 Bxf2 20. Nf4 Bc4 21. Bd3 Rfd8 22. Ke2 Bxd3+ 23. Kxf2 Rc2+ 24. Kf3 Bc4 25. Rc1 Rxa2 26. Qc3 b5 27. Ra1 Rdd2 28. Rxa2 Rxa2 29. h4 h5 30. g4 hxg4+ 31. Kxg4 f6 32. e5 Kf7 33. exf6 exf6 34. Qe3 Rc2 35. Qa7+ {With Black's position in tatters, Ivanchuk mericfully put himself out of his own misery.} 1-0

[Event "Corus"]
[Site "Wijk aan Zee"]
[Date "2010.01.26"]
[Round "9"]
[White "Carlsen, Magnus"]
[Black "Kramnik, Vladimir"]
[Result "0-1"]
[WhiteElo "2810"]
[BlackElo "2788"]
[Annotator "Marin,Mihail"]
[PlyCount "75"]
[EventDate "2010.01.16"]
[EventType "tourn"]
[EventRounds "13"]
[EventCountry "NED"]
[EventCategory "19"]
[SourceTitle "CBM 135"]
[Source "ChessBase"]
[SourceDate "2010.03.17"]
[SourceVersion "1"]
[SourceVersionDate "2010.03.17"]
[SourceQuality "1"]

1. d4 Nf6 2. c4 e6 3. Nf3 d5 4. g3 {In the end of the press conference after his win over Nakamura, just the day before, Kramnik complained that he had been Black in his last three games against Carlsen and the situation would repeat itself in Wijk aan Zee. As if this were enough, Carlsen decides to force the former World Champion to fight against one of his trademark openings, the Catalan.} dxc4 {There is not much to be said about this move, but I would like to insert here two games that bear some similarity with two types of structures featured in the main game.} (4... dxc4 5. Bg2 c5 6. O-O Nc6 7. Ne5 Bd7 8. Na3 cxd4 9. Naxc4 Bc5 10. Qb3 O-O 11. Qxb7 Nxe5 12. Nxe5 Rb8 13. Qf3 Bd6 14. Nc6 Bxc6 15. Qxc6 e5 16. Rb1 Rb6 17. Qa4 Qb8 18. Bg5 Be7 19. b4 Bxb4 20. Bxf6 gxf6 21. Qd7 Qc8 22. Qxa7 Rb8 23. Qa4 Bc3 24. Rxb8 Qxb8 25. Be4 Qc7 26. Qa6 Kg7 27. Qd3 Rb8 28. Bxh7 Rb2 29. Be4 Rxa2 30. h4 {Kasparov,G (2795)-Comp Deep Blue/Philadelphia 1996/CBM 050 ext (1-0, 73). Carlsen may have been inspired by this game when heading for the position after, say 25 moves. However, there is an important difference: Carlsen's knight will be passive on a4, failing to contribute to the fight for the critical squares in any way.}) (4... Bb4+ 5. Bd2 Be7 6. Bg2 O-O 7. O-O c6 8. Qc2 Nbd7 9. Bf4 Nh5 10. Bc1 Nhf6 11. b3 b6 12. Rd1 Ba6 13. Nbd2 Rc8 14. e4 Bb7 15. Bb2 Qc7 16. Rac1 Qb8 17. e5 Ne8 18. h4 h6 19. Nf1 c5 20. Qe2 dxc4 21. d5 $1 {The same type of sacrificial break as Carlsen's 17.d5!! True, in this game Black's kingside has not been weakened previously, but after the inevitable structural modifications White will be left with a dangerous majority on this wing.} Bxd5 22. Rxd5 exd5 23. Bh3 Rd8 24. Ne3 Nc7 25. Nf5 Rfe8 26. Nxg7 $40 {Marin,M (2515)-Horvath,J (2535)/Odorheiu Secuiesc 1993/CBM 036 (1-0, 53)}) 5. Bg2 Bb4+ 6. Bd2 a5 7. Nc3 $5 {This natural developing move was first met in a top level game during the Tal Memorial 2009.} (7. Qc2 Bxd2+ (7... Ra6 $5 {Marin,M (2551)-Kortschnoj,V (2611)/Reggio Emilia 2008/CBM 122/[Marin,M] (1/2, 58)}) 8. Qxd2 $5 {Kramnik,V (2743)-Topalov,V (2813)/Elista 2006/CBM 115/[Marin,M] (1-0, 75)}) (7. O-O $5 O-O 8. Bg5 {Ivanchuk,V (2740)-Alekseev,E (2711)/Foros 2008/CBM 125/[Marin,M] (1-0, 53)}) 7... O-O 8. a3 ({Deviating from} 8. Bg5 {Gelfand,B (2758)-Kramnik,V (2772)/Moscow 2009/CBM 133/[Marin,M] (1/2, 81)}) 8... Be7 $146 {White is allowed to retrieve the pawn, in the hope that the time spent by the queen moving around will allow adequate queenside counterplay.} ({After} 8... Bxc3 {Black can keep his extra pawn, for a while at least, but White's centre would be strengthened. It is hard to draw any conclusion from the only game played so far:} 9. bxc3 b5 10. Ne5 Ra6 11. O-O Nfd7 12. a4 c6 13. Nxc6 Rxc6 14. Bxc6 Nxc6 15. axb5 Ne7 16. Qa4 $16 {Scarella,E (2348)-Del Cuadro,N (2186)/Villa Ballester 2004/CBM 101 ext (1-0, 29)}) 9. Qa4 ({We can see the fruits of the apparent loss of time ...b4+ and ...e7: with the bishop on d2,} 9. Ne5 {leaves the d4-pawn hanging.}) 9... c6 10. Qxc4 b5 11. Qb3 $146 {A slightly strange move. The queen is rather passive on this square.} ({I believe that} 11. Qd3 $1 {is crucial for the evaluation of the whole variation. White keeps an eye on the h7-square and enables e4, which would clear the c-file for the rook and the e1-a5 diagonal for the bishop.} Nbd7 ({Carlsen may have been worried about} 11... Ba6 {, but after} 12. Ne4 b4 13. Nxf6+ Bxf6 14. Qe4 $14 {the queen is quite active in the centre, defending the e2-pawn at the same time (thus allowing castling).}) 12. Ne4 Bb7 ({In the event of} 12... Ba6 13. b4 $1 $16 {[%csl Ga6,Gc6] we can notice that d2 may be useful. In this line, the manoeuvre of the black dark-squared bishop can be considered a mere loss of time.}) (12... Nd5 13. Rc1 Bb7 14. O-O {[%cal Ge4c5]} Qb6 15. Nfg5 $16 {[%csl Gd3]}) 13. Nxf6+ Bxf6 {Apart from castling, with just a more pleasant position for White, he can try the sharp attack} 14. h4 $5 e5 (14... h6 $6 15. g4 $40) 15. Ng5 g6 16. Nxh7 Kxh7 17. h5 $40) ({RR} 11. Qd3 Ba6 12. Ne4 b4 13. Nxf6+ Bxf6 14. Qc2 bxa3 15. Rxa3 Bb5 16. Bc3 Be7 17. Ra1 Na6 18. O-O Nb4 19. Bxb4 Bxb4 20. Rfd1 f6 21. e4 Kh8 22. h4 Qe8 23. Bf1 Qh5 24. Kg2 e5 25. Bxb5 cxb5 {Grischuk,A (2756)-Aronian,L (2782) Nice 2010 ½-½ (35)}) 11... Ba6 12. Bg5 {We can feel the effects of the uninspired queen retreat to b3. White has to spend some time to defend the e2-pawn before castling.} Nbd7 13. Bxf6 gxf6 $6 {In certain lines of the Catalan, this way of capturing is necessary in order to avoid the minor pieces being diverted from the control of the c5-square, in order to keep the threat of ...c5 alive. In our game, Carlsen will find a brilliant way to take advantage of the kingside weaknesses.} ({Besides, there would be nothing wrong with the natural} 13... Bxf6 14. Ne4 Be7 15. O-O b4 $132) 14. Qc2 b4 15. Na4 Rc8 16. O-O c5 {When playing his 13th move, Kramnik may have evaluated this position as being in his favour. Indeed, the white queen will be in some trouble after the apparently inevitable opening of the c-file, while the e2-pawn would be hanging.} 17. d5 $3 {This brilliant pawn sacrifice changes the course of the game radically. White provokes the weakening of the f5-square and ensures a safe life for his queen. Suddenly, it appears that several black pieces (his knight and a6-bishop, for instance) are far from optimally placed.} exd5 18. Bh3 $6 {This is too slow and offers Black the few tempi he needs in order to organise his position. When both sides' regroupings will have come to an end, the passivity of the a4-knight will become an important factor.} ({Several commentators gave recommended} 18. Rfd1 $1 {In fact, it is quite logical. Black completes his development (the a1-rook is developed in view of the permanent threat of axb4) and starts fighting for the light squares in the centre.} d4 (18... Bb7 19. Nh4 $16 {retrieves the pawn with huge strategic advantage.}) 19. Qf5 $40 {Black faces the strong (and, apparently, inevitable) threat of xd4, followed by either e4 with a mating attack, or xd4 with a deadly pin along the d-file.}) 18... Bb5 19. axb4 axb4 20. Rfd1 d4 21. Bf5 Ne5 $1 {Black activates his position without hanging on to his material advantage.} 22. Bxh7+ (22. Bxc8 Qxc8 {would lead to a similar position as in the game, with the difference that the h7-pawn is still on board, defending the black king.}) 22... Kg7 23. Nxe5 fxe5 24. Bf5 {With the knight on c4, White would have a dream position, but the way it is the situation remains very complicated. In the next phase of the game, Kramnik will keep activating his pieces, even if this will cost him a significant amount of material.} Rc6 25. Qe4 Rh8 26. Qxe5+ Bf6 27. Qe4 Re8 28. Qg4+ Kf8 29. Be4 c4 $1 $44 {Finally shattering any dreams of blockade with b3 and b2-c4.} 30. Bxc6 Bxc6 {Black's bishops and his mobile mass of pawns offer Black excellent compensation. In mutual time trouble, Carlsen will go down relatively quickly.} 31. Qh5 Re5 32. Qh6+ Ke7 33. e4 $5 {An attempt to get some counterplay.} (33. Qd2 {is ineffective because of} c3 34. bxc3 Qd5 35. f3 dxc3 $36) 33... d3 $1 {Not letting himself be distracted from the main plan, consisting of advancing the pawns.} (33... Rxe4 34. Nc5 $16) (33... Bxe4 34. Qd2 $16) 34. Qe3 Bxe4 35. Nb6 $2 {A blunder in an unpleasant position.} Bb7 $19 {winning the knight. The centralisation of the e5-rook is impressive.} 36. Qf4 Qxb6 37. Qxc4 Re2 38. Rf1 0-1

[Event "Corus"]
[Site "Wijk aan Zee"]
[Date "2010.01.29"]
[Round "11"]
[White "Carlsen, Magnus"]
[Black "Dominguez Perez, Leinier"]
[Result "1-0"]
[WhiteElo "2810"]
[BlackElo "2712"]
[Annotator "Krasenkow,Michal"]
[PlyCount "89"]
[EventDate "2010.01.16"]
[EventType "tourn"]
[EventRounds "13"]
[EventCountry "NED"]
[EventCategory "19"]
[SourceTitle "CBM 135"]
[Source "ChessBase"]
[SourceDate "2010.03.17"]
[SourceVersion "1"]
[SourceVersionDate "2010.03.17"]
[SourceQuality "1"]

1. d4 Nf6 2. c4 g6 3. Nc3 d5 4. Nf3 Bg7 5. Qb3 dxc4 6. Qxc4 O-O 7. e4 a6 8. e5 b5 9. Qb3 Nfd7 10. Ng5 $5 {A very rare move. However, in the hands of Magnus almost every sensible continuation is strong.} Nb6 11. Be3 Nc6 12. Rd1 Bf5 {Other options are still to be explored.} (12... h6 13. Nge4 $5) (12... Na5 13. Qb4 Nac4 14. Bc1 Bf5 15. Bxc4 Nxc4 16. O-O $2 (16. Nge4 $5) 16... Bc2 17. e6 Bxd1 18. exf7+ Kh8 19. Rxd1 Qd7 $17 {0-1 Hanley,C (2429)-Poobalasingam,P (2312)/Hinckley Island ENG 2010/The Week in Chess 798 (26)}) 13. Be2 (13. e6 $6 f6 14. Nf7 Qc8 15. d5 Na5 16. Qb4 Nac4 17. Bxc4 Nxc4 18. Qxe7 Nxe3 19. fxe3 Re8 20. Qc5 Bxe6 $1 21. dxe6 Qxe6 $17) 13... Na5 14. Qb4 Nac4 15. O-O f6 $146 (15... Nxe3 16. fxe3 Bh6 17. e4 $1) (15... c6 $5) ({RR} 15... e6 16. Bxc4 Nxc4 17. Nce4 Bxe4 18. Nxe4 Qd5 19. Nc3 Qb7 20. a4 c5 21. dxc5 Bxe5 22. Bd4 Rfd8 23. Bxe5 Nxe5 24. axb5 axb5 25. Qxb5 Qxb5 26. Rxd8+ Rxd8 27. Nxb5 Rb8 28. Nd4 Rxb2 29. f4 Nd3 30. c6 {Scripcaru,G (2229)-Padurean,D (2011) Slanic Moldova 2017 ½-½ (65)}) 16. Nf3 (16. Nge4 $5 Qe8 $5 $13) 16... Nxe3 17. fxe3 fxe5 $6 (17... Nd5 18. Nxd5 Qxd5 19. Qxe7 Qxa2 $13) 18. dxe5 Qe8 19. Qc5 Rc8 20. a4 (20. Nd4 $5 $36) 20... Nxa4 (20... Bc2 $6 21. Rde1 Nxa4 22. Nxa4 Bxa4 23. Nd4 {[%csl Ra4]}) 21. Nxa4 bxa4 22. Nd4 (22. Bxa6 Rb8 23. Bc4+ e6 24. Ng5 $5 h6 25. Rxf5 Rxf5 26. Bxe6+ Kh8 27. Bxf5 hxg5 28. Be4 Qxe5 $11) (22. g4 $1 Be6 23. Nd4 Rxf1+ 24. Rxf1 Bd7 25. Bxa6 Rb8 26. Rf2 $14) 22... Rb8 23. g4 (23. Rd2 Bh6 24. Nxf5 Rxf5 25. Rxf5 gxf5 26. Bxa6 e6 $11) 23... Be4 (23... Bd7 $6 24. Rxf8+ Bxf8 $8 25. e6) 24. Ne6 Rxf1+ 25. Bxf1 c6 26. Ng5 (26. Bc4 $142 Bd5 $1 27. Bxd5 cxd5 28. Rxd5 h6 $11) 26... Bd5 27. e4 Bb3 28. Bc4+ e6 $1 29. Nxe6 (29. Rf1 Bxc4 30. Qxc4 Bxe5) 29... Bxc4 30. Qxc4 Kh8 $4 $138 {Black finally succumbs to pressure.} (30... Bxe5 $1 {, and the discovered check proves harmless:} 31. Ng5+ (31. Nc5+ Qf7 32. Qxf7+ Kxf7 33. Nd7 Re8) (31. Rf1 Qe7 $1 32. Nd8+ Kh8 33. Nxc6 (33. Nf7+ Kg7 34. Nxe5 Qxe5) 33... Bxh2+ $1 34. Kxh2 Qh4+) 31... Kh8 32. Nf7+ Kg7 {, and it is now Black who will play for a win.}) 31. Nxg7 Kxg7 32. e6 $18 {[%csl Ge6]} Rb7 33. Qc3+ Kg8 34. Rd6 Re7 35. Rxc6 Qf8 36. Rc8 Re8 37. Rxe8 Qxe8 38. Qf6 Qc8 39. Kg2 Qc2+ 40. Kh3 Qc5 41. Kh4 Qb4 42. Qf7+ Kh8 43. e7 Qe1+ 44. Kg5 Qe3+ 45. Qf4 1-0

[Event "Bazna Kings 4th"]
[Site "Medias"]
[Date "2010.06.14"]
[Round "1"]
[White "Carlsen, Magnus"]
[Black "Ponomariov, Ruslan"]
[Result "1/2-1/2"]
[WhiteElo "2813"]
[BlackElo "2733"]
[Annotator "Rogozenco,Dorian"]
[PlyCount "62"]
[EventDate "2010.06.14"]
[EventType "tourn"]
[EventRounds "10"]
[EventCountry "ROU"]
[EventCategory "20"]
[SourceTitle "CBM 137"]
[Source "ChessBase"]
[SourceDate "2010.07.15"]
[SourceVersion "1"]
[SourceVersionDate "2010.07.15"]
[SourceQuality "1"]

1. d4 {When asked to make few comments about the present game, Ponomariov started with the following: "It was very difficult to concentrate on chess in this game because it was very hot in the playing hall". Indeed, the Ukrainian was visibly disturbed by the high temperature and looked really happy that he got out of the playing area to reach some cooler places.} Nf6 2. c4 e6 3. Nf3 d5 4. g3 Be7 5. Bg2 O-O 6. O-O dxc4 7. Qc2 a6 8. a4 Bd7 9. Qxc4 Bc6 10. Bg5 h6 11. Bxf6 Bxf6 12. Nc3 Bxf3 13. Bxf3 c6 14. Rad1 a5 15. e4 Nd7 16. e5 Be7 17. Be4 Qb6 $146 ({RR} 17... Nb6 18. Qe2 Nd5 19. Bc2 Qd7 20. Qd3 f5 21. exf6 Nxf6 22. Ne4 Rad8 23. Rfe1 Bb4 24. Nxf6+ Rxf6 25. Qh7+ Kf8 26. Re2 Qf7 27. h4 c5 28. d5 exd5 29. Qh8+ Qg8 30. Rxd5 Rc8 31. Qxg8+ Kxg8 32. Bf5 {Guichard,P (2338)-Rudolf,A (2341) Reykjavik 2015 1-0 (92)}) ({RR} 17... Nb6 18. Qb3 Bb4 19. Bb1 Nd5 20. Qc2 g6 21. h4 h5 22. Ne4 Kg7 23. Kg2 Be7 24. Qe2 Rh8 25. Qf3 Qb6 26. b3 Rad8 27. Rd2 Rd7 28. Rfd1 Bb4 29. Rd3 Qd8 30. Bc2 Be7 31. R3d2 Nb4 32. Bb1 {Ponomariov,R (2739)-Leko,P (2752) Moscow 2009 ½-½ (36)}) 18. f4 {White's aggressive plan looks strong, but it is far from simple to break through. His main problem is the weak pawn on d4. Notice that due to the pin on the a7-g1 diagonal White does not threat to advance f4-f5 yet. Actually a closer look will reveal some weak dark squares in White's position.} Rad8 19. Qe2 {Carlsen: "I was very happy with my position here". However, after Ponomariov's strong answer it seems that Black faces no particular problems.} (19. f5 $2 {runs into} Nxe5) 19... Nb8 $1 {Opens the d-file for the rook and transfers the knight to a better position. Actually with this move backwards the knight is heading for square d5.} 20. Qf2 (20. f5 {The mentioned by Carlsen 20.f5 is an interesting, but of course risky pawn sacrifice.}) 20... Na6 21. Kh1 ({Again} 21. f5 {is premature due to the very strong answer} f6 $1 {and Black's pieces are better placed for the opening of the position.}) 21... f5 $1 22. Bb1 ({Both players agreed that better was} 22. Bf3 {preventing 22...h5 and preparing 23.g4.}) 22... h5 $1 23. h3 g6 24. Ba2 Nc7 {Right in time to protect everything.} 25. g4 {Black is very solid and has no troubles at all to face this advance.} hxg4 26. hxg4 Kf7 27. Kg2 Rh8 28. g5 $1 {A common quality for many strong players is to feel the danger and switch from their initial aggressive intentions to a more realistic approach. The position started to become dangerous for White and Carlsen rightly leaves aside his ambitions, trying to keep the balance now.} Rh7 29. Rh1 Rxh1 30. Kxh1 Rh8+ 31. Kg2 Qa6 {"I was happy that we passed the limit of 30 moves and I could finally offer a draw" said Ponomariov immediately after the game.} 1/2-1/2